Дело о разных благотворительных спектаклях в императорских театрах за 1896, 1897 годы

Доступно только в Электронных читальных залах Найти на картеНа карте
RUSMARC
00003670nmc2a22002413x 450
001b32ac320-36bb-4ee7-9615-5e6051986a0b
00520210624091802.0
100##$a20210204l18961899k l0rusy0189 ca
1010#$arus
102##$aRU
105##$ay###
1222#$ad
2001#$aДело о разных благотворительных спектаклях в императорских театрах за 1896, 1897 годы
$j31 января 1896 г. - 20 января 1899 г.
215##$a17 л.
$d36,5х26 см
251##$cДело
300##$aПо бухгалтерии Санкт-Петербургской конторы Дирекции императорских театров
371##$aДокумент не является опубликованным и широко распространяемым
461#0$10019264ebf8-de62-4f1a-9eb4-9f22098dbbd5
$12001
$aДирекция императорских театров Министерства императорского двора
$1251
$cФонд
$1852
$j497
462#0$1001ff15f5e8-b5fa-4fe1-bbcd-275cd0305ec2
$12001
$aДела Санкт-Петербургской конторы Дирекции императорских театров и дела Московской конторы Дирекции императорских театров
$1251
$cОпись
$1852
$j10
801#0$aRU
$bРГИА
$c20210204
$gRCR
801#1$aRU
$bГлавНИВЦ
$c20210204
$2rusmarc
801#2$aRU
$bПБ им. Б.Н. Ельцина
$c20210624
$gRCR
$2rusmarc
850##$aРГИА
852##$aРГИА
$eФедеральное казенное учреждение "Российский государственный исторический архив" (РГИА)
$j512
937##$hРГИА
$d12355833
$aASBIBLIO_SCAN
035##$aRusGRCC00022045
856##$uhttp://readingroom.main.prlib.ru/item.aspx?id_node=n165454432&mode=full
Формат отображения